Odgadnij dzielnice Warszawy po osiedlu - Statystyki

Ogólne statystyki
  • Ten quiz został rozwiązany 324 razy
  • Średni wynik to 13 z 18
Statystyki odpowiedzi
Osiedle Dzielnica % Poprawnych
Nowa Praga Praga Północ
94%
Powisle Srodmiescie
93%
Saska Kępa Praga Południe
89%
Bródno Targówek
86%
Marymont Żoliborz
86%
Szczęśliwice Ochota
81%
Odolany Wola
73%
Nowodwory Białołęka
72%
Wrzeciono Bielany
70%
Salomea Wlochy
68%
Chrzanów Bemowo
66%
Wygledow Mokotow
65%
Skorosze Ursus
65%
Wola Grzybowska Wesoła
65%
Kawęczyn - Wygoda Rembertów
61%
Nadwiśle Wawer
61%
Kępa Zawadowska Wilanów
59%
Dąbrowka Ursynów
54%
Nie znaleziono quizów pasujących do podanych kryteriów
Rozkład punktacji
Procent ludzi z każdym wynikiem
Percentyl według liczby udzielonych odpowiedzi
Twoja historia wyników
Nie rozwiązałeś tego quizu